วิทยาลัยพยาบาลบรมราชชนนี ยะลา
ระบบห้องสมุดอัตโนมัติ ULIBM BCNYALA - V.6
เปลี่ยนเป็นภาษาไทย

Change to English
 แสดงรายละเอียดบรรณานุกรม
  กลับหน้าหลัก

Brief Record : Get Marc (ISO 2709) : E-mail record : QR code ปิดหน้าต่าง
Emergency and Disaster Management in Thailand Past,Present,and Future Status of Thai Emergency Medical Service (EMS) Review โดย
ใช้งานได้ทุกระบบ
ห้องสมุดวพบ.ยะลา
ใช้งานได้ทุกระบบ เมื่อ22/เมษายน/2569
Contents
  • Chapter 1 : An Introduction to Thailand
  • Chapter 2 : The History of EMS - International Perspectives
  • Chapter 3 : The Perfect EMS
  • Chapter 4 : The Thai EMS
  • Chapter 5 : The Emergency Management Organization : Command, Control, Coordination, and Assessment
  • Chapter 6 : Laws, Standards, Procefures, Safety, and Health Policy
  • Chapter 7 : Communication, Information, and Dispatch
  • Chapter 8 : Prehospital Care, Proficiency, and Education
  • Chapter 9 : Hospital Care, Proficiency, and Education
  • Chapter 10 : Special Units : Air Rescue, Marine Rescue, and Hazardous Materials
  • Chapter 11 : Care of the Special/Vulnerable Population
  • Chapter 12 : Logistics
  • Chapter 13 : Training and Certification
  • Chapter 14 : Finance and Funding
  • Chapter 15 : The Role of Voluntary Organizations
  • Chapter 16 : Future EMS and Disaster Management in Thailand
  • Chapter 17 : Conclusions and Recommendatiions

E-books : เกี่ยวกับ Collections
LEADER 00000nam 2200000uu 4500
001    3850
003     ULIBM
008    260421s2021||||th 000 0 tha d
020    ^a9786162716683
060  0 ^aWB105^bW973e
100 1  ^aWuthisuthimethawee,Prasit
245 00 ^aEmergency and Disaster Management in Thailand Past,Present,and Future Status of Thai Emergency Medical Service (EMS)/^cPrasit Wuthisuthimethawee,Amir Khorram-Manesh
250    ^a1st ed.
260    ^aSongkhla :^bFaculty of Medicine,Prince of Songkla University,^c2021.
300    ^a300 p. :^bill ;^c21cm.
650  7 ^aCritical Care^vHandbooks
650  7 ^aEmergency medicine
700 1  ^aKhorram-Manesh,Amir
999    ^aฮัซวานี
รายการนี้ยังไม่มีแท็ก
คุณยังไม่ได้ล็อกอิน คุณสามารถมีกิจกรรมร่วมกับเว็บไซต์ได้ แต่ต้องล็อกอินก่อน ::
  ล็อกอิน
ลำดับที่ ประเภท เลขเรียก สถานที่ สถานะ
1. หนังสือภาษาอังกฤษทางการพยาบาล
หนังสือภาษาอังกฤษทางการพยาบาล
WB105 W973e 2021 V.1 
  
ห้องสมุดวพบ.ยะลา
►หนังสือ ตำรา ทางการพยาบาล
On Shelf
  ขอยืม
   [แสดง 1/1 รายการ]

รายการใกล้เคียง
    หัวเรื่อง [Emergency medicine]

BibComment


ยังไม่เคยถูกคอมเมนท์

คอมเมนท์ทรัพยากรรายการนี้
  คอมเมนท์: Emergency and Di..
Bib 3850

 
 
 

 Union Library Management : ULibM

ดูหนังออนไลน์

Copyright 2026. All Rights Reserved.